[Event "25th Politiken Cup"]
[Site "Copenhagen DEN"]
[Date "2003.07.22"]
[Round "8"]
[White "Holst,A"]
[Black "Glud,J"]
[Result "1/2-1/2"]
[WhiteElo "2361"]
[BlackElo "2173"]

1.d4 d5 2.Nf3 Nf6 3.c4 e6 4.g3 Be7 5.Bg2 O-O 6.Nc3 Nbd7 7.b3 dxc4 8.bxc4 c5
9.e3 cxd4 10.exd4 Qc7 11.Qb3 Nb6 12.Ne5 Nfd7 13.Nb5 Qd8 14.Nd3 a6 15.Nc3 Nf6
16.Bb2 Qc7 17.Ne5 Rd8 18.O-O Bd7 19.Rac1 Be8 20.Rfe1 Rac8 21.Ne4 Nxe4 22.Bxe4 Bf6
23.Bb1 Nd7 24.Ng4 Bg5 25.f4 Be7 26.Qd3 Nf8 27.f5 Qb6 28.f6 Bxf6 29.Nxf6+ gxf6
30.Ba1 Ng6 31.Qf3 f5 32.Qc3 e5 33.c5 exd4 34.cxb6 dxc3 35.Rxc3 Bd7 36.Rec1 Rxc3
37.Bxc3 Rc8 38.Bb2 Rxc1+ 39.Bxc1 Kf8 40.Bd3 Ne5 41.Bxa6 bxa6 42.b7 Nc6 43.Bf4 Ke8
44.a3 Nb8  1/2-1/2

[Event "26th Asian Juniors"]
[Site "Negombo SRI"]
[Date "2003.07.22"]
[Round "5"]
[White "Palawatta,I"]
[Black "Poobesh Anand,S"]
[Result "0-1"]
[WhiteElo "1911"]
[BlackElo "2329"]

1.d4 Nf6 2.c4 e6 3.g3 Be7 4.Bg2 d5 5.Nf3 O-O 6.Nc3 dxc4 7.Ne5 c5 8.dxc5 Qc7
9.Nxc4 Qxc5 10.Qb3 Nc6 11.Qb5 Qxb5 12.Nxb5 Bb4+ 13.Bd2 Bxd2+ 14.Nxd2 e5 15.Rc1 Rd8
16.Nc4 Be6 17.Nc7 Rac8 18.Nxe6 fxe6 19.Na3 e4 20.O-O Rd2 21.Rc2 Rcd8 22.Rfc1 Rd1+
23.Rxd1 Rxd1+ 24.Bf1 e3 25.fxe3 Ne4 26.Rc4 Nd2 27.Rf4 g5 28.Rf2 Ne5 29.h3 Ne4
30.Rg2 g4 31.h4 a6 32.Nc2 Nc4 33.Rf2 Nxf2 34.Kxf2 Rd2 35.Nd4 e5 36.b3 exd4
37.bxc4 dxe3+ 38.Kxe3 Rxa2 39.Bg2 Rb2 40.c5  0-1

[Event "BCSA Open"]
[Site "Batumi GEO"]
[Date "2003.07.23"]
[Round "7"]
[White "Matnadze,A"]
[Black "Rukhaia,K"]
[Result "1/2-1/2"]
[WhiteElo "2386"]
[BlackElo "2204"]

1.d4 d5 2.g3 Nf6 3.Bg2 e6 4.Nf3 Be7 5.c4 O-O 6.Nc3 dxc4 7.Ne5 Nc6 8.Bxc6 bxc6
9.Nxc6 Qe8 10.Nxe7+ Qxe7 11.Qa4 c5 12.Qxc4 cxd4 13.Qxd4 e5 14.Qh4 Rb8 15.O-O Rb4
16.e4 Qb7 17.Re1 Bg4 18.Re3 Nxe4 19.Qxg4 Nxc3 20.Qh5 Nb5 21.Qxe5 Rd4 22.Re1 Rd6
23.Be3 Re6 24.Qc5 Rc8 25.Qb4 Re4 26.Qd2 Rce8 27.Rad1 Nc7 28.Qa5 Ne6 29.b3 a6
30.Qd5 Qxd5 31.Rxd5 Nd4 32.Rf1 Nc2 33.Bd2 Rd4 34.Rxd4 Nxd4 35.Be3 Nc2 36.Rc1 Nxe3
37.fxe3 g6 38.Kf2 Re5 39.Rc6 a5 40.Rb6 Rc5 41.a4 Rc2+ 42.Kf3 Rxh2 43.Rb5 Rb2
44.g4 Kg7 45.Ke4 h6 46.Kd3 g5 47.Ke4  1/2-1/2

[Event "ch-GBR"]
[Site "Edinburgh SCO"]
[Date "2003.07.23"]
[Round "9"]
[White "Gordon,S"]
[Black "Grant,J"]
[Result "1-0"]
[WhiteElo "2216"]
[BlackElo "2271"]

1.d4 Nf6 2.c4 e6 3.g3 d5 4.Nf3 Be7 5.Bg2 O-O 6.O-O dxc4 7.Na3 Bxa3 8.bxa3 Nc6
9.Bb2 Rb8 10.Qc1 b5 11.a4 a6 12.axb5 axb5 13.a4 Na5 14.Nd2 b4 15.Nxc4 Nb3
16.Qc2 Nxa1 17.Rxa1 Bb7 18.Bxb7 Rxb7 19.a5 Qa8 20.Ne5 Nd5 21.Qc4 Ra7 22.a6 c6
23.e4 Nc7 24.Nxc6 Rxa6 25.Rc1 Re8 26.d5 Ra2 27.Qxb4 Ra4 28.Ne7+ Kh8 29.Qc3 f6
30.Qxf6 Rxe7 31.Qxe7  1-0

[Event "KB Czech Open"]
[Site "Pardubice CZE"]
[Date "2003.07.23"]
[Round "6"]
[White "Faibisovich,V"]
[Black "Tunik,G"]
[Result "1/2-1/2"]
[WhiteElo "2421"]
[BlackElo "2497"]

1.d4 Nf6 2.Nf3 e6 3.g3 d5 4.Bg2 Be7 5.c4 O-O 6.O-O dxc4 7.Qc2 a6 8.Qxc4 b5
9.Qc2 Bb7 10.Bf4 Bd6 11.Bg5 Nbd7 12.Nbd2 h6 13.Bxf6 Nxf6 14.e4 Be7 15.Rfe1 Bb4
16.e5 Nd7 17.a3 Bxd2 18.Nxd2 Bxg2 19.Kxg2 c5 20.dxc5 Nxc5 21.Ne4 Nxe4 22.Qxe4 Qb6
23.Rac1  1/2-1/2

[Event "MTO"]
[Site "Biel SUI"]
[Date "2003.07.24"]
[Round "4"]
[White "Krivonosov,O"]
[Black "Heedt,T"]
[Result "1-0"]
[WhiteElo "2438"]
[BlackElo "2254"]

1.Nf3 Nf6 2.c4 e6 3.g3 d5 4.d4 Be7 5.Bg2 O-O 6.O-O dxc4 7.Qc2 a6 8.Qxc4 b5
9.Qc2 Bb7 10.Bg5 Nc6 11.Rd1 Nb4 12.Qc1 Qc8 13.Nbd2 a5 14.a3 Na6 15.Nb3 a4
16.Na5 Bd5 17.Nc6 Qe8 18.Nfe5 Bxg2 19.Kxg2 Nd5 20.Bxe7 Nxe7 21.Qc2 f6 22.Nxe7+ Qxe7
23.Nc6 Qd6 24.Rac1 Rf7 25.Qd3 b4 26.e4 bxa3 27.bxa3 Nb8 28.Nb4 Na6 29.Nc6 Nb8
30.d5 Nd7 31.dxe6 Qxe6 32.Nd4 Qb6 33.Rc6 Ne5 34.Rxb6 Nxd3 35.Rb5 Ne5 36.Rc1 Rd7
37.Nc6 Nd3 38.Rc3 Re8 39.Rd5 Ne1+ 40.Kf1 Rxd5 41.exd5 g5 42.f3 h5 43.h3 f5
44.g4 hxg4 45.hxg4 fxg4 46.fxg4 Re4 47.Kf2 Kf8 48.Nb4 Ke8 49.Rxc7 Rxb4 50.axb4 Nd3+
51.Kf3 Nxb4 52.Ke4 a3 53.Ra7 a2 54.Ke5 Kd8 55.Ke6 Kc8 56.d6 Kb8 57.Rxa2  1-0

[Event "ch-GBR"]
[Site "Edinburgh SCO"]
[Date "2003.07.24"]
[Round "10"]
[White "Kunte,A"]
[Black "Wells,P"]
[Result "1-0"]
[WhiteElo "2515"]
[BlackElo "2481"]

1.d4 Nf6 2.Nf3 d5 3.c4 e6 4.g3 Be7 5.Bg2 O-O 6.O-O dxc4 7.Qc2 a6 8.Qxc4 b5
9.Qc2 Bb7 10.Bg5 Nbd7 11.Bxf6 Nxf6 12.Nbd2 Rc8 13.Nb3 c5 14.dxc5 Be4 15.Qc3 Bd5
16.Rac1 Nd7 17.Qe3 Bxb3 18.Qxb3 Nxc5 19.Qe3 Na4 20.b3 Nb6 21.Rxc8 Nxc8 22.Ne5 Bf6
23.Nc6 Qd6 24.Rc1 Bb2 25.Rb1 Bf6 26.Be4 g6 27.Rc1 Kg7 28.Qc5 Qxc5 29.Rxc5 Nd6
30.Bd3 Rc8 31.a4 Bb2 32.Rc2 f5 33.f4 Bf6 34.Kf2 h6 35.Ke3 g5 36.Kd2 Kf8 37.Nb4 Rxc2+
38.Kxc2 a5 39.Nc6 bxa4 40.bxa4 Nb7 41.Ba6 Nc5 42.Bb5 Nb7 43.Kd3 gxf4 44.gxf4 Bb2
45.h3 Bc1 46.Kd4 Bxf4 47.Ba6 Nd6 48.Nxa5 Ne4 49.Nc6 Bc7 50.a5 Kf7 51.Bd3 Nf2
52.h4 Kf6 53.Kc5 Bxa5 54.Nxa5 Ke5 55.Nc4+ Kf4 56.Kd6 e5 57.Nxe5 Ne4+ 58.Bxe4 fxe4
59.Kd5  1-0

[Event "MTO"]
[Site "Biel SUI"]
[Date "2003.07.25"]
[Round "5"]
[White "Ulibin,M"]
[Black "Krivonosov,O"]
[Result "1-0"]
[WhiteElo "2558"]
[BlackElo "2438"]

1.d4 d5 2.c4 e6 3.Nf3 Nf6 4.g3 Be7 5.Bg2 O-O 6.O-O dxc4 7.Qc2 a6 8.Qxc4 b5
9.Qc2 Bb7 10.Bd2 Nc6 11.e3 Nb4 12.Bxb4 Bxb4 13.Ne5 Bxg2 14.Kxg2 Qd5+ 15.f3 Bd6
16.Nc6 Ng4 17.Re1 f5 18.Nd2 e5 19.Qb3 Qxb3 20.Nxb3 exd4 21.fxg4 dxe3 22.gxf5 Rae8
23.Nbd4 g6 24.Rf1 e2 25.Rfe1 gxf5 26.Rxe2 Rxe2+ 27.Nxe2 Re8 28.Kf3 Kg7 29.a4 Kg6
30.axb5 axb5 31.Ra5 b4 32.Rb5 Re4 33.Ned4  1-0

[Event "Futurity"]
[Site "Kitchener CAN"]
[Date "2003.07.26"]
[Round "3"]
[White "Hutters,T"]
[Black "Stevens,C"]
[Result "1-0"]
[WhiteElo "2400"]
[BlackElo "2219"]

1.d4 d5 2.c4 e6 3.Nf3 Nf6 4.g3 Be7 5.Bg2 O-O 6.O-O dxc4 7.Qc2 a6 8.Qxc4 b5
9.Qc2 Bb7 10.Bd2 Be4 11.Qc1 b4 12.Bg5 Nc6 13.e3 Na5 14.Nbd2 Bd5 15.Bxf6 gxf6
16.e4 Bb7 17.Re1 c5 18.d5 c4 19.Nxc4 Nxc4 20.Qxc4 Rc8 21.Qe2 Qb6 22.Rad1 Rc7
23.Nd4 Bc5 24.Nb3 Be7 25.e5 fxe5 26.Qxe5 Bxd5 27.Bxd5 exd5 28.Nd4 Rd8 29.Nf5 Bf8
30.Rxd5 Rxd5 31.Qxd5 Rc2 32.Qf3 Qc6 33.Qxc6 Rxc6 34.Re2 Rc5 35.g4 h5 36.h3 hxg4
37.hxg4 Rc4 38.Ne3 Re4 39.f3 Re6 40.Kf1 b3 41.axb3 Rb6 42.Nc4 Rxb3 43.Re3 Rb4
44.b3 Rb5 45.Ke2 Bg7 46.Kd2 a5 47.Kc2 a4 48.bxa4 Rb4 49.Re8+ Kh7 50.Nd6 Rxa4
51.Nxf7 Rf4 52.Ng5+ Kh6 53.Ne4  1-0

[Event "3rd Open"]
[Site "Plancoet FRA"]
[Date "2003.07.26"]
[Round "1"]
[White "Parmentier,X"]
[Black "Le Bailly,B"]
[Result "1-0"]
[WhiteElo "2347"]
[BlackElo "2113"]

1.d4 d5 2.Nf3 Nf6 3.c4 e6 4.g3 Be7 5.Bg2 O-O 6.O-O Ne4 7.Qc2 f5 8.b3 Nd7
9.Ba3 Bxa3 10.Nxa3 c6 11.Qb2 g5 12.Nc2 g4 13.Ne5 Nxe5 14.dxe5 h5 15.f3 Ng5
16.Rad1 b5 17.cxb5 Qb6+ 18.Qd4 Qxb5 19.f4 Ne4 20.Bxe4 fxe4 21.Qe3 Qb6 22.Nd4 c5
23.f5  1-0

[Event "MTO"]
[Site "Biel SUI"]
[Date "2003.07.29"]
[Round "8"]
[White "Ermeni,A"]
[Black "Benkovic,P"]
[Result "0-1"]
[WhiteElo "2237"]
[BlackElo "2474"]

1.d4 Nf6 2.Nf3 e6 3.g3 d5 4.Bg2 Be7 5.c4 O-O 6.Qc2 c6 7.O-O Nbd7 8.Bf4 Nh5
9.cxd5 exd5 10.Bd2 Re8 11.Nc3 Nhf6 12.Bf4 Nf8 13.Rab1 g6 14.Rbd1 Bf5 15.Qc1 Bd6
16.Bg5 Be7 17.Nh4 Bd7 18.h3 Ne4 19.Bxe7 Qxe7 20.Rde1 Rad8 21.Nf3 Ne6 22.e3 Nxc3
23.Qxc3 Ng7 24.Rc1 Nf5 25.Rfe1 Nd6 26.Nd2 Bf5 27.Qa3 a6 28.Qb4 h5 29.h4 Qf6
30.Nf3 Be4 31.Ne5 Bxg2 32.Kxg2 Qf5 33.Qb3 Kg7 34.Qc2 Qe6 35.b3 Re7 36.Qd3 Rde8
37.Nf3 Ne4 38.Ng1 Qf5 39.Qe2 Nf6 40.Nh3 Ng4 41.Qf3 Qd7 42.Rc2 Nh6 43.Nf4 Nf5
44.Rd2 Re4 45.Ree2 Rh8 46.Rd1 Qe7 47.Rc1 Nh6 48.Rc5 Ng4 49.b4 Rd8 50.a4 a5
51.bxa5 Ra8 52.Rb2 Ra7 53.Rb3 Nf6 54.Qd1 Qd7 55.Rb6 Qd8 56.Rc3 Nd7 57.Rb4 Qxa5
58.Qb1 Re8 59.Rc1 Qa6 60.Qb2 Re7 61.Rb1 Nf6 62.Qc2 Ne4 63.R1b3 Qa5 64.Nd3 Nd6
65.Nc5 Qd8 66.Qb1 b5 67.axb5 cxb5 68.Nd3 Rec7 69.Nf4 Qa8 70.Qd3 Ra1 71.Rb1 Rxb1
72.Rxb1 Rc4 73.Qd2 Ne4 74.Qb2 b4 75.Nd3 Nc3 76.Ra1 Qb7 77.Nc5 Qe7 78.Ra6 Ne4
79.Rb6 Kh7 80.Rb7 Qf6 81.Nd3 g5 82.Ne5 Nd6  0-1

[Event "HZ Open"]
[Site "Vlissingen NED"]
[Date "2003.08.03"]
[Round "3"]
[White "Ernst,S"]
[Black "Brokken,D"]
[Result "1-0"]
[WhiteElo "2468"]
[BlackElo "2187"]

1.d4 Nf6 2.c4 e6 3.g3 d5 4.Nf3 Be7 5.Bg2 O-O 6.O-O dxc4 7.Qc2 c5 8.dxc5 Bxc5
9.Qxc4 Be7 10.Nc3 Qa5 11.Nd4 Nbd7 12.Nb3 Qh5 13.Rd1 Nb6 14.Qc7 Bb4 15.Bf3 Qh3
16.Qf4 Bxc3 17.bxc3 Bd7 18.Bg2 Qh5 19.Ba3 Rfd8 20.Bf3 Qh3 21.Be7 Nbd5 22.Bxd5 Nxd5
23.Rxd5 exd5 24.Bxd8 Rxd8 25.Qc7 Re8 26.Nd4 Bc8 27.Qc5 Qd7 28.Qxa7 Qc7 29.Qa3 Bg4
30.Rb1 h6 31.f3 Be6 32.Qb4 Rc8 33.Rb3 Ra8 34.Ra3 Rxa3 35.Qxa3 Qb6 36.Qb4 Qa6
37.a4 b6 38.Qb5 Qa7 39.Qe8+ Kh7 40.Kg2 Bd7 41.Qf8 Qc7 42.Qb4 Kg6 43.g4 h5
44.Qe7 hxg4 45.fxg4 Qxc3 46.Qxd7  1-0

[Event "FSIM August"]
[Site "Budapest HUN"]
[Date "2003.08.04"]
[Round "3"]
[White "Zucchelli,M"]
[Black "Paci,C"]
[Result "1/2-1/2"]
[WhiteElo "2194"]
[BlackElo "2258"]

1.c4 e6 2.g3 Nf6 3.Bg2 d5 4.d4 Be7 5.Nf3 O-O 6.O-O dxc4 7.Qc2 a6 8.Qxc4 b5
9.Qc2 Bb7 10.Bf4 Nc6 11.Rd1 Nb4 12.Qc1 Nbd5 13.Nbd2 Nxf4 14.gxf4 c5 15.dxc5 Qc7
16.Nb3 Rac8 17.Ne5 Bxg2 18.Kxg2 Bxc5 19.Nxc5 Qxc5 20.Qxc5 Rxc5 21.Rac1 Rxc1
22.Rxc1 Nd5 23.Kf3 f6 24.Nd3 e5 25.e4 Nxf4 26.Nxf4 exf4 27.Kxf4 Rd8 28.Ke3 Rd6
29.Rc7 Kf8 30.h4 h5 31.b3 g5 32.Rh7 gxh4 33.Rxh5 Rd1 34.Rxh4 Ra1 35.Rf4 Ke7
36.Kd4 Rxa2 37.Kc5 Ke6 38.Rf5 Rb2 39.Kb4 Re2 40.f3 Re3 41.Rf4 Ke5 42.Rf5+ Ke6
43.Rf4 Ke5 44.Rf5+ Ke6 45.Rf4  1/2-1/2

[Event "IM"]
[Site "Niederbronn FRA"]
[Date "2003.08.05"]
[Round "4"]
[White "Batyrov,S"]
[Black "Milliet,S"]
[Result "1-0"]
[WhiteElo "2418"]
[BlackElo "2275"]

1.d4 d5 2.c4 e6 3.Nf3 Nf6 4.g3 Be7 5.Bg2 O-O 6.O-O dxc4 7.a4 c5 8.dxc5 Qc7
9.Qc2 Qxc5 10.Nfd2 Nc6 11.Qxc4 Nd4 12.Nc3 Qxc4 13.Nxc4 Nb3 14.Rb1 Nxc1 15.Rfxc1 Rb8
16.b4 Rd8 17.e4 Bd7 18.e5 Nd5 19.Bxd5 exd5 20.Nxd5 Bg5 21.Nde3 Bxe3 22.Nxe3 Bxa4
23.Ra1 b5 24.Rc7 Rd4 25.Rac1 g6 26.e6 fxe6 27.Rxa7 Rxb4 28.Rcc7 h5 29.Rg7+ Kh8
30.Rh7+ Kg8 31.Rag7+ Kf8 32.Rxg6 Rb1+ 33.Kg2 b4 34.Rxe6 b3 35.Nf5 Kg8 36.Rg7+  1-0

[Event "Hilton Premier"]
[Site "Blackpool ENG"]
[Date "2003.08.06"]
[Round "4"]
[White "Davies,N"]
[Black "Collins,S IRL"]
[Result "1-0"]
[WhiteElo "2482"]
[BlackElo "2381"]

1.d4 d5 2.c4 e6 3.Nf3 Nf6 4.g3 Be7 5.Bg2 O-O 6.Qc2 c5 7.O-O cxd4 8.Nxd4 Nc6
9.Nxc6 bxc6 10.b3 a5 11.Nc3 Ba6 12.Rd1 Qc7 13.Na4 Rac8 14.Be3 Nd7 15.Rac1 Qb8
16.Bd2 Nb6 17.Nb2 a4 18.Rb1 a3 19.Nd3 Nd7 20.Rdc1 e5 21.Qc3 e4 22.Nf4 Nf6
23.Qa5 Qa8 24.Bh3 Rb8 25.cxd5 cxd5 26.Bc3 Rfd8 27.Be5 Rb5 28.Qc7 Bd6 29.Bxd6 Ne8
30.Qe7 Nxd6 31.Rc7 Rb7 32.Rbc1 Rxc7 33.Rxc7 Bb5 34.Be6 Be8 35.Bxd5 Qb8 36.Ne6  1-0

[Event "ch-SLO"]
[Site "Bled SLO"]
[Date "2003.08.06"]
[Round "5"]
[White "Sebenik,M"]
[Black "Grilc,A"]
[Result "1-0"]
[WhiteElo "2425"]
[BlackElo "2125"]

1.Nf3 d5 2.c4 e6 3.g3 Nf6 4.d4 Be7 5.Bg2 O-O 6.O-O c6 7.Qc2 Nbd7 8.b3 Re8
9.Nc3 Bd6 10.Rd1 Qe7 11.e4 dxe4 12.Ng5 e5 13.Ncxe4 Bc7 14.d5 cxd5 15.cxd5 Bb6
16.d6 Qf8 17.Nxf6+ Nxf6 18.d7 Bxd7 19.Rxd7 h6 20.Rxf7 Qb4 21.Bd2 Bxf2+ 22.Kh1  1-0

[Event "FSIM August"]
[Site "Budapest HUN"]
[Date "2003.08.07"]
[Round "6"]
[White "Paci,C"]
[Black "Lenderman,A"]
[Result "0-1"]
[WhiteElo "2258"]
[BlackElo "2219"]

1.Nf3 Nf6 2.c4 e6 3.g3 d5 4.Bg2 Be7 5.d4 O-O 6.O-O dxc4 7.Qc2 Nc6 8.Qxc4 Qd5
9.Qd3 Rd8 10.Nc3 Qa5 11.Bf4 Bd6 12.Bd2 Bb4 13.a3 Bxc3 14.Bxc3 Qf5 15.Rfd1 Qxd3
16.Rxd3 Nd5 17.Be1 b6 18.Rc1 Bb7 19.b4 a6 20.e4 Nde7 21.Rcd1 Rd6 22.Bd2 Rad8
23.Bf4 R6d7 24.d5 exd5 25.Bh3 f5 26.exf5 a5 27.b5 Na7 28.f6 gxf6 29.Be6+ Kg7
30.Bxd7 Rxd7 31.Nd4 Kf7 32.Be3 Nec8 33.Bf4 Ne7 34.Rb1 Ng6 35.Rc3 Nxf4 36.gxf4 Ke7
37.Re1+ Kd8 38.Ne6+ Kc8 39.Nxc7 Rg7+ 40.Kf1 d4 41.Rc4 Bg2+ 42.Ke2 Rxc7 43.Rxc7+ Kxc7
44.Rg1 Be4 45.Rg7+ Kb8 46.a4 Bc2 47.Kd2 Bxa4 48.Rxh7 Bxb5 49.Rf7 a4 50.h4 a3
51.Rg7 a2 52.Rg1 Nc6 53.h5 Na5 54.Kc2 Bd7 55.h6 Bf5+ 56.Kb2 d3 57.Kxa2 d2
58.Kb2 Nc4+ 59.Kc3 b5 60.Kb3 Kc7 61.Kc3 Kd6 62.Kd4 Nb2  0-1

[Event "Open"]
[Site "Olomouc CZE"]
[Date "2003.08.07"]
[Round "9"]
[White "Maslak,A"]
[Black "Kayumov,S"]
[Result "1-0"]
[WhiteElo "2256"]
[BlackElo "2479"]

1.d4 d5 2.Nf3 Nf6 3.c4 e6 4.g3 Be7 5.Bg2 Nbd7 6.O-O c6 7.Qc2 O-O 8.Nbd2 b6
9.e4 Bb7 10.e5 Ne8 11.cxd5 cxd5 12.Re1 Rc8 13.Qa4 a6 14.Bf1 b5 15.Qd1 Nc7
16.Bd3 Re8 17.Nf1 Nf8 18.h4 b4 19.N1h2 Bc6 20.Ng5 Bb5 21.Bb1 h6 22.Qh5 hxg5
23.hxg5 Na8 24.Be3 b3 25.axb3 Bb4 26.Ng4 g6 27.Qh4 Nh7 28.Nf6+ Kf8 29.Rc1 Rxc1+
30.Bxc1 Qc8 31.Be3 Ke7 32.Nxe8 Nf8 33.Nf6 Nb6 34.Qf4 Qc7 35.Bd2 Bxd2 36.Qxd2 Nbd7
37.Bd3 Qb6 38.Qb4+ Kd8 39.Bxb5 axb5 40.Ra8+  1-0

[Event "ch-SLO"]
[Site "Bled SLO"]
[Date "2003.08.09"]
[Round "8"]
[White "Tratar,M"]
[Black "Sakelsek,T"]
[Result "1/2-1/2"]
[WhiteElo "2455"]
[BlackElo "2351"]

1.Nf3 Nf6 2.c4 e6 3.g3 d5 4.d4 Be7 5.Bg2 O-O 6.O-O dxc4 7.Qc2 a6 8.Qxc4 b5
9.Qc2 Bb7 10.Bf4 Nc6 11.Rd1 Nb4 12.Qc1 Rc8 13.Nc3  1/2-1/2

[Event "10th Summer Open"]
[Site "Nice FRA"]
[Date "2003.08.09"]
[Round "7"]
[White "Leski,M"]
[Black "Georgieva,Li"]
[Result "1-0"]
[WhiteElo "2414"]
[BlackElo "2249"]

1.d4 Nf6 2.c4 e6 3.g3 d5 4.Bg2 Be7 5.Nf3 O-O 6.O-O dxc4 7.Qc2 Nbd7 8.Nbd2 Nd5
9.Nxc4 N7b6 10.Na5 Nb4 11.Qb1 c6 12.a3 Na6 13.b4 f6 14.Rd1 Qe8 15.Qb3 Qf7
16.e4 Nc7 17.Be3 Nb5 18.Ne1 Rd8 19.a4 Nd6 20.Nd3 e5 21.dxe5 Be6 22.Qc3 Ndc4
23.Nxb7 Nxe3 24.fxe3 Rdc8 25.Ndc5 fxe5 26.a5 Nc4 27.Nxe6 Qxe6 28.Bf1 Nb2
29.Qxb2 Rab8 30.Qc3  1-0

[Event "It"]
[Site "Lviv UKR"]
[Date "2003.08.13"]
[Round "5"]
[White "Ustianovich,N"]
[Black "Privalov,Y"]
[Result "1/2-1/2"]
[WhiteElo "2261"]
[BlackElo "2404"]

1.Nf3 Nf6 2.c4 e6 3.g3 d5 4.d4 Be7 5.Bg2 O-O 6.O-O c6 7.Nbd2 b6 8.Qc2 Ba6
9.Re1 Nbd7 10.e4 Nxe4 11.Nxe4 dxe4 12.Rxe4 c5  1/2-1/2

[Event "ADCF Masters"]
[Site "Abu Dhabi UAE"]
[Date "2003.08.17"]
[Round "2"]
[White "Kunte,A"]
[Black "Al Tamimi,H"]
[Result "1-0"]
[WhiteElo "2515"]
[BlackElo "2193"]

1.d4 d5 2.c4 e6 3.Nf3 Nf6 4.g3 Be7 5.Bg2 O-O 6.O-O c6 7.Qc2 Nbd7 8.b3 b6
9.Rd1 Ba6 10.Nbd2 c5 11.e4 dxc4 12.Nxc4 cxd4 13.e5 Nd5 14.Nxd4 Rc8 15.Qb2 Bb4
16.Bd2 Bc5 17.a4 Qc7 18.Nb5 Bxb5 19.axb5 f6 20.exf6 N7xf6 21.Be1 Ng4 22.Rd2 Nb4
23.Rad1 Nd3 24.Rxd3 Nxf2 25.Bxf2 Rxf2 26.Qxf2 Bxf2+ 27.Kxf2 Qc5+ 28.Re3 Rf8+
29.Kg1 Qxb5 30.Bh3 Qh5 31.Bxe6+ Kh8 32.Rde1 h6 33.Ne5 Kh7 34.Bc4 g5 35.Bd3+ Kg7
36.g4 Qh4 37.Rg3 Re8 38.Nf3 Rxe1+ 39.Nxe1  1-0

[Event "ADCF Masters"]
[Site "Abu Dhabi UAE"]
[Date "2003.08.18"]
[Round "3"]
[White "Kengis,E"]
[Black "Kunte,A"]
[Result "1/2-1/2"]
[WhiteElo "2586"]
[BlackElo "2515"]

1.Nf3 Nf6 2.g3 e6 3.Bg2 d5 4.d4 Be7 5.c4 O-O 6.Qc2 Nbd7 7.O-O c6 8.Rd1 b6
9.Ne5 Nxe5 10.dxe5 Ng4 11.cxd5 cxd5 12.Nc3 Bb7 13.Qa4 Nxe5 14.e4 Bc6 15.Qb3 d4
16.Nb5 Bxb5 17.Qxb5 Ng6  1/2-1/2

[Event "Open"]
[Site "Vienna AUT"]
[Date "2003.08.19"]
[Round "4"]
[White "Martyn,R"]
[Black "Thoma,W"]
[Result "1/2-1/2"]
[WhiteElo "2266"]
[BlackElo "2155"]

1.d4 Nf6 2.c4 e6 3.g3 d5 4.Nf3 Be7 5.Bg2 O-O 6.O-O dxc4 7.Qc2 a6 8.Qxc4 b5
9.Qc2 Bb7 10.Bd2 Nc6 11.e3 Nb4 12.Bxb4 Bxb4 13.a3 Bd6 14.Nbd2 Qe7 15.Rac1 Rfc8
16.e4 e5 17.dxe5 Bxe5 18.Bh3 Rd8 19.Nxe5 Qxe5 20.Qxc7 Qxc7 21.Rxc7 Rxd2 22.Rxb7 Nxe4
23.Bg2 f5 24.Rc1 Rad8 25.Rcc7 Rd1+ 26.Bf1 Nd2 27.Rxg7+ Kh8 28.Rxh7+ Kg8 29.Rbg7+ Kf8
30.Rf7+ Kg8 31.Rhg7+ Kh8 32.Rh7+ Kg8 33.Rfg7+ Kf8 34.Ra7 Kg8 35.Rhg7+ Kh8
36.Rh7+ Kg8 37.Kg2 Nxf1 38.Rag7+ Kf8 39.Rf7+ Kg8 40.Rfg7+ Kf8 41.Ra7 Kg8
42.Rhg7+ Kh8 43.Rgf7 Nd2 44.Rxf5 Nc4 45.Rxa6 R1d2 46.Rh5+ Kg7 47.Rg5+ Kh7
48.Ra7+ Kh6 49.Rxb5 Rf8 50.Ra6+ Kg7 51.Rb7+ Kg8 52.Kh3 Rdxf2 53.Raa7 Re8
54.Rg7+ Kf8 55.Rh7 Kg8 56.Rag7+ Kf8 57.Rc7 Kg8 58.Rhe7 Rxe7 59.Rxe7 Rxb2
60.Ra7 Ne5 61.g4 Nf3 62.a4 Nxh2 63.a5 Ra2 64.a6 Nf3  1/2-1/2

[Event "9th Open"]
[Site "Pilsen-Lobzy CZE"]
[Date "2003.08.20"]
[Round "5"]
[White "Cifka,S"]
[Black "Sedlacek,J"]
[Result "1-0"]
[WhiteElo "2160"]
[BlackElo "2083"]

1.d4 d5 2.c4 e6 3.Nf3 Nf6 4.g3 Be7 5.Bg2 O-O 6.O-O dxc4 7.Qc2 Nbd7 8.Nbd2 Nb6
9.Nxc4 Nxc4 10.Qxc4 a6 11.Qc2 Re8 12.Rd1 Bd7 13.Ne5 c6 14.e4 Rc8 15.Be3 Qc7
16.Rac1 Qb8 17.Bf4 Bd6 18.Bg5 Rc7 19.Nxf7 Kxf7 20.e5 Bxe5 21.dxe5 Nd5 22.Qxh7 Rh8
23.Qc2 Rcc8 24.Re1 Rh5 25.h4 Rch8 26.Be4 Ne7 27.Rcd1 Be8 28.Rd6 Rxg5 29.hxg5 g6
30.Qb3 Nd5 31.Qf3+ Ke7 32.Bxd5  1-0

[Event "9th Open"]
[Site "Pilsen-Lobzy CZE"]
[Date "2003.08.21"]
[Round "6"]
[White "Freisler,P"]
[Black "Kuba,J"]
[Result "1/2-1/2"]
[WhiteElo "2329"]
[BlackElo "2158"]

1.Nf3 Nf6 2.c4 e6 3.g3 d5 4.Bg2 Be7 5.d4 O-O 6.O-O Nbd7 7.Qc2 Ne4 8.Nc3 Ndf6
9.Ne5 Nxc3 10.bxc3 c5 11.Rd1 cxd4 12.cxd4 Qc7 13.Bf4 Nh5 14.Ng6 Nxf4 15.Nxf8 Bxf8
16.gxf4 Qxf4 17.Qd2 Qh4 18.c5 Bd7 19.Rab1 Bc6 20.Rb3 Qe7 21.Rg3 Re8 22.f4 f6
23.e3 Qc7 24.Bf3 Kh8 25.Be2 e5 26.fxe5 fxe5 27.Rf1 g6 28.Rgf3 Bh6 29.Rf7 Re7
30.Rxe7 Qxe7 31.Rf3 exd4 32.Qxd4+ Bg7 33.Qf4 Kg8 34.Bd1 Be5 35.Qg4 Bd7 36.Qb4 Qg5+
37.Kh1 Bc6 38.h4 Qe7 39.Bb3 Kh8 40.Qg4 h5 41.Qh3 Bd7 42.Qg2 Qxh4+ 43.Kg1 Bc6
44.Qh3 Qxh3 45.Rxh3 d4 46.Kf2 Kg7 47.Rh4 dxe3+ 48.Kxe3 Bf6 49.Rb4 g5 50.Ba4 Be7
51.Rc4 Bxa4 52.Rxa4 Bxc5+ 53.Ke4 Kg6 54.Ra5 Bg1 55.Rd5 g4 56.Rd7 h4 57.Kf4 g3
58.Kg4 Bf2 59.Kh3 b5 60.Rd5 b4 61.Rb5 Be1 62.Ra5 Bf2 63.Ra4 Bc5 64.Ra5 Bf2
65.Rb5 Be1  1/2-1/2

[Event "9th Open"]
[Site "Pilsen-Lobzy CZE"]
[Date "2003.08.22"]
[Round "7"]
[White "Cifka,S"]
[Black "Gross,S"]
[Result "1-0"]
[WhiteElo "2160"]
[BlackElo "2328"]

1.d4 d5 2.c4 e6 3.Nf3 Nf6 4.g3 Be7 5.Bg2 O-O 6.O-O Nbd7 7.Qc2 c6 8.Rd1 Ne4
9.b3 f5 10.Ba3 Bxa3 11.Nxa3 Qe7 12.Qb2 b6 13.Rac1 Bb7 14.cxd5 exd5 15.b4 Rae8
16.e3 Rf6 17.Nb1 b5 18.Nbd2 Nd6 19.Nb3 Nc4 20.Qc3 Bc8 21.Nfd2 g5 22.a4 a6
23.Nc5 Nd6 24.Nf3 Ne4 25.Nxe4 fxe4 26.Nxg5 Nb6 27.axb5 axb5 28.Qc5 Qd8 29.Rd2 Nc4
30.Ra2 Rh6 31.h4 Bg4 32.Ra7 Qf6 33.Rf7  1-0

[Event "ADCF Masters"]
[Site "Abu Dhabi UAE"]
[Date "2003.08.23"]
[Round "7"]
[White "Kengis,E"]
[Black "Kayumov,S"]
[Result "1/2-1/2"]
[WhiteElo "2586"]
[BlackElo "2479"]

1.Nf3 d5 2.d4 Nf6 3.c4 e6 4.g3 Be7 5.Bg2 O-O 6.Qc2 c6 7.O-O Nbd7 8.Bf4 Nh5
9.Bc1 Nhf6 10.Rd1 b6 11.Bf4 Ba6 12.Ne5 Nxe5 13.dxe5 Nd7 14.cxd5 cxd5 15.e4 Rc8
16.Nc3 d4 17.Rxd4 Qc7 18.Rad1 Rfd8 19.h4 Bc5 20.R4d2 Nb8 21.Qa4 Rxd2 22.Rxd2 Qc6
23.Qd1 Qe8 24.a3 Nc6 25.h5 Rd8 26.h6 Rxd2 27.Qxd2 Bd4 28.hxg7 Bxe5 29.Bxe5 Nxe5
30.Qd6 Ng6 31.f4 Kxg7 32.e5 Qe7 33.Kf2 h5 34.Be4 f5 35.exf6+ Qxf6 36.Qc7+ Qe7
37.Qxe7+ Nxe7 38.Bc2 Bb7 39.Bd1 Kg6 40.Nb5 a6 41.Nc7 Bc8 42.Bc2+ Nf5 43.Na8 b5
44.Be4 Kf6 45.Nb6 Nd6 46.Bf3 Bb7 47.Bxh5 Ne4+ 48.Kg2 Nd2+ 49.Kh3 Ke7 50.a4 Kd8
51.b4 Bc6 52.a5 Nb1 53.Bd1 Nc3 54.Bb3 Ke7 55.Kh4 Ne2 56.Bd1 Nc3 57.Bb3 Ne2
58.Bd1 Nc3  1/2-1/2

[Event "II American Continental"]
[Site "Buenos Aires ARG"]
[Date "2003.08.25"]
[Round "7"]
[White "Echeguren,G"]
[Black "Estay,O"]
[Result "1-0"]
[WhiteElo "2091"]
[BlackElo "2231"]

1.d4 Nf6 2.c4 e6 3.Nf3 d5 4.g3 Be7 5.Bg2 O-O 6.Qc2 Nbd7 7.O-O c6 8.b3 b6
9.Bb2 Bb7 10.Nbd2 Rc8 11.Rac1 c5 12.e3 dxc4 13.bxc4 b5 14.dxc5 Nxc5 15.Ne5 Bxg2
16.Kxg2 b4 17.Rfd1 Qc7 18.Bd4 Rfd8 19.Kg1 a5 20.Ndf3 Nfe4 21.Nd3 Nxd3 22.Rxd3 Qb7
23.Rcd1 Nc3 24.Bxc3 bxc3 25.Rxd8+ Rxd8 26.Nd4 Ba3 27.Rb1 Bb2 28.Ne2 Rd2 29.Qxc3 Bxc3
30.Rxb7 Be5 31.Nd4 Bd6 32.c5 Bf8 33.c6 Rd1+ 34.Kg2 Rc1 35.c7 g6 36.Nb5  1-0

[Event "II American Continental"]
[Site "Buenos Aires ARG"]
[Date "2003.08.27"]
[Round "9"]
[White "Toloza,P"]
[Black "Varela,D"]
[Result "1/2-1/2"]
[WhiteElo "2374"]
[BlackElo "2164"]

1.Nf3 Nf6 2.g3 d5 3.Bg2 e6 4.c4 Be7 5.d4 O-O 6.O-O c5 7.cxd5 exd5 8.dxc5 Bxc5
9.Nbd2 Nc6 10.Nb3 Bb6 11.Nbd4 Re8 12.Re1 Ne4 13.Be3 Qf6 14.Qd3 Bg4 15.Rad1 Rad8
16.Nxc6 bxc6 17.Bd4 Bxd4 18.Qxd4 Bxf3 19.Bxf3 c5 20.Qxf6 Nxf6 21.Rc1 Rc8
22.Rc2 c4 23.Rd1 Rc5 24.Kf1 Kf8 25.Ke1 Ra5 26.a3 Rb8 27.Kd2 Ke7 28.Kc1 Rb3
29.h4 h5 30.Rd4 Rc5 31.Kb1 Ke6 32.Ka2 g6 33.e3 Rcb5 34.Rcd2 c3 35.bxc3 Rxc3
36.a4 Rbc5 37.Kb2 R3c4 38.Rxc4 Rxc4 39.Kb3 Ne4 40.Bxe4 Rxe4 41.Rc2 Kd6 42.Rc8 Re7
43.Kc3 Rb7 44.f3 a5 45.Ra8 Rc7+ 46.Kd4 Rc5  1/2-1/2

[Event "1st League TCh-SCG"]
[Site "Budva SCG"]
[Date "2003.08.29"]
[Round "1"]
[White "Blagojevic,D"]
[Black "Lekic,D"]
[Result "1-0"]
[WhiteElo "2538"]
[BlackElo "2416"]

1.d4 Nf6 2.c4 e6 3.g3 d5 4.Nf3 Be7 5.Bg2 O-O 6.Qc2 c5 7.dxc5 Qa5+ 8.Nbd2 Qxc5
9.a3 a5 10.b4 Qc7 11.b5 b6 12.Bb2 Nbd7 13.Rc1 Bb7 14.Qb1 Nc5 15.O-O dxc4
16.Be5 Bd6 17.Bxd6 Qxd6 18.Nxc4 Qc7 19.Nd4 Bxg2 20.Kxg2 a4 21.Nc6 Nd5 22.e4 Nf6
23.f3 Nfd7 24.Rcd1 Nb8 25.N4e5 f6 26.Nxb8 Qxe5 27.Nc6 Qc3 28.Qc1 Qxc1 29.Rxc1 Rf7
30.Rfd1 e5 31.Kf2 Rc7 32.Rc2 Rac8 33.Rcd2 h5 34.Ke3 Kh7 35.Rd8 Ne6 36.R8d6 Nc5
37.R1d5 Nb7 38.Rd7 Rxd7 39.Rxd7 Na5 40.Nxa5 bxa5 41.Kd2 Kg6 42.b6 Rc6 43.b7 Rb6
44.Kc3 h4 45.gxh4 Kh5 46.Rxg7 Kxh4 47.Kc4  1-0